Aktualizácia k zákonom I/2000 zákon o správnych poplatkoch

Enregistré dans:
Détails bibliographiques
Format: Livre
Langue:slovaque
Publié: Žilina PORADCA [2000]
Collection:Aktualizácia I/2
Tags: Ajouter un tag
Pas de tags, Soyez le premier à ajouter un tag!

MARC

LEADER 00000nam a2200000 4500
001 c117921
005 20250617074240.9
022 |a 1335-6127 
041 0 |a slo 
044 |a SK 
245 1 0 |a Aktualizácia k zákonom I/2000  |b zákon o správnych poplatkoch 
264 1 |a Žilina  |b PORADCA  |c [2000] 
300 |a 56 s. 
490 1 |a Aktualizácia  |v I/2 
830 0 |a Aktualizácia  |v I/2